| Tag |
First Indicator |
Second Indicator |
Subfields |
| LEADER |
00000cam a2200000 i 4500 |
| 001 |
in00000791237 |
| 005 |
20151017071119.0 |
| 008 |
761120s1976 dcu f00010 eng d |
| 010 |
|
|
|a gp 77000411
|
| 020 |
|
|
|c $3.50 ; (pbk. :)
|
| 020 |
|
|
|c $2.25 (mf :)
|
| 035 |
|
|
|a (OCoLC)02582429
|
| 035 |
|
|
|9 ADP4359AM
|
| 040 |
|
|
|a GPO
|c GPO
|d UtOrBLW
|
| 074 |
|
|
|a 1051-C
|
| 086 |
|
|
|a ER 1.11:ERDA-76/106
|
| 111 |
2 |
|
|a Workshop of Theoretical Aspects of Atomic Physics in Magnetic Fusion Energy,
|d (1975 :
|c Oak Ridge National Laboratory)
|
| 245 |
1 |
0 |
|a Workshop of theoretical aspects of atomic physics in magnetic fusion energy :
|b September 10-12, 1975.
|
| 264 |
|
1 |
|a Washington :
|b U.S. Energy Research and Development Administration ;
|c [1976?]
|
| 264 |
|
2 |
|a Springfield, Va. :
|b For sale by the National Technical Information Service,
|
| 300 |
|
|
|a 20 pages in various pagings ;
|c 27 cm.
|
| 336 |
|
|
|a text
|b txt
|2 rdacontent
|
| 337 |
|
|
|a unmediated
|b n
|2 rdamedia
|
| 338 |
|
|
|a volume
|b nc
|2 rdacarrier
|
| 490 |
0 |
|
|a ERDA ; 76/106
|
| 650 |
|
0 |
|a Nuclear physics
|x Research
|x Congresses.
|
| 710 |
1 |
|
|a United States.
|b Energy Research and Development Administration.
|
| 710 |
2 |
|
|a Oak Ridge National Laboratory.
|
| 999 |
|
|
|a MARS
|
| 999 |
f |
f |
|s 4d31ddc8-c35d-34d2-b220-46465fe04888
|i c8846d3f-29a3-3dcf-9505-24262f303078
|t 0
|
| 952 |
f |
f |
|p normal
|a Texas A&M University
|b College Station
|c Sterling C. Evans Library
|d Evans: US Documents (Annex 5th floor)
|t 0
|e ER 1.11:ERDA-76/106
|h Superintendent of Documents classification
|i unmediated -- volume
|m A14838085413
|
| 998 |
f |
f |
|a ER 1.11:ERDA-76/106
|t 0
|l Evans: US Documents (Annex 5th floor)
|